| 000 | 00427cam a2200193ua 4500 | ||
|---|---|---|---|
| 020 | _cRs.0.75 | ||
| 041 |
_amal _h |
||
| 082 |
_a894.812308 _bVAN/IV |
||
| 100 | _aVanneri, . | ||
| 245 | _aIvide maranam pathiyirikkunnu | ||
| 250 |
_a1 / _b. |
||
| 260 |
_a : _bBooks international , _c1977. |
||
| 300 | _a48 ; . | ||
| 365 | _aRs.0.75 | ||
| 504 | _a | ||
| 650 | _aNovalete | ||
| 942 | _cBK | ||
| 999 |
_c162 _d162 |
||